|
|
|
|
| LEADER |
00643cam a2200181 7i4500 |
| 001 |
0000048202 |
| 005 |
20060516090000.0 |
| 020 |
# |
0 |
|a 0123504457
|
| 090 |
0 |
0 |
|a QL 639.1
|b P4
|
| 245 |
0 |
4 |
|a The physiology of tropical fishes
|c edited by Adalberto L. Val, Vera Maria F. de Almeida-Val, David J. Randall.
|
| 260 |
# |
# |
|a London:
|b Elsevier Academic,
|c 2006.
|
| 300 |
# |
# |
|a xiv, 630 p.:
|b ill.;
|c 24 cm..
|
| 490 |
0 |
0 |
|a Fish physiology;
|v v. 21
|
| 650 |
0 |
0 |
|a Fishes --
|x Physiology --
|z Tropics
|
| 700 |
1 |
1 |
|a Val,
|h Adalberto Luiþs
|
| 700 |
1 |
1 |
|a Randall,
|h David J.
|
| 700 |
1 |
1 |
|a Almeida-Val,
|h V. M. F. de
|
| 999 |
|
|
|a 1100040835
|b Book
|c Open Shelf
|e KOLEKSI TERBUKA
|